Statistics for Canada Province Quiz

Click here to take the quiz!

General Stats

  • This quiz has been taken 11 times
  • The average score is 12 of 13

Answer Stats

Province% Correct
Alberta
100%
British Columbia
100%
Manitoba
100%
Newfoundland and Labrador
100%
Ontario
100%
Quebec
100%
Saskatchewan
100%
Yukon
100%
Nunavut
86%
Prince Edward Island
86%
Northwest Territories
71%
New Brunswick
57%
Nova Scotia
57%

Score Distribution

Percentile by Number Answered

Percent of People with Each Score

Your Score History

You have not taken this quiz